Представление документа в формате RUSMARC

ПолеНазваниеЗначение
  Тип записи a
  Библиографический уровень a
001 Контрольный номер UONB/MAIN/b2552747c2fd4ae1a8e2e9fa71e68587
005 Дата корректировки 20260430104804.4
100 Данные общей обработки __
a Данные общей обработки 20260430 ||| 0rusy0189 ca
101 Язык документа 0_
a Язык текста rus
102 Страна публикации __
a Страна публикации RU
200 Заглавие и сведения об ответственности 1_
a Заглавие Награждён орденом Мужества. Посмертно
f Первые сведения об ответственности О. Кузнецова
203 Вид содержания и тип средства __
a Вид содержания Текст
b Характеристика содержания визуальный
c Тип средства непосредственный
215 Физическое описание __
c Иллюстрации/тип воспроизводства ил., портр.
330 Аннотация __
a Аннотация Юрий Юрьевич Гордеев - участник СВО на Украине, уроженец с. Найман.
461 Уровень набора _0
1 2000
a Искра
463 Уровень физической единицы _0
1 2000
a № 16 (9955) (22 апреля)
v С. 12
1 2101
d 2026
1 001UONB/MAIN/4e502b2d785443539b6c90f58ac232c9
600 Персоналии _1
a Персоналии (Фамилия) Гордеев
b Персоналии (Имя, инициалы) Ю. Ю.
g Полное имя Юрий Юрьевич
607 Географические рубрики __
a Географическое наименование Найман, село (Павловский район ; Ульяновская область)
610 Ключевые слова 0_
a Ключевые слова участники СВО; погибшие при исполнении воинского долга
686 Индексы других классификаций __
2 Код системы rubbk
a Классификационный индекс 68.42
700 Автор _1
a Фамилия Кузнецова
b Имя (инициалы) О.
g Полное личное имя Ольга
801 Источник записи _0
a Страна RU
b Организация Ульяновская ОНБ
c Дата составления 20260430
g Правила каталогизации RCR
801 Источник записи _1
a Страна RU
b Организация Ульяновская ОНБ
c Дата составления 20260430
g Правила каталогизации RCR
901 Тип документа __
t Тип документа f
w Контрольный № источника UONB/MAIN/4e502b2d785443539b6c90f58ac232c9
909 Создатель записи __
a Создатель записи Мухаметжанова
b Дата создания записи 20260430